000 00254nam a2200121 i 4500
001 bg
245 0 _aOrganizacja i ekonomika.
260 _aLublin,
_c1978.
040 _cBPK
041 _apol
942 _cKS
008 s pl f |000 0 pol
999 _c19506
_d19506
856 _uhttp://koha.tu.koszalin.pl/cgi-bin/koha/opac-detail.pl?biblionumber=19506
_yKatalog online BPK